| 000 | 01054 a2200265 4500 | ||
|---|---|---|---|
| 001 | 47929 | ||
| 005 | 20260407155745.0 | ||
| 008 | 260407a2003 arg spa d | ||
| 003 | AR-UNSa-BCEJYS | ||
| 040 |
_aAR-UNSa-BCEJYS _bspa _cAR-UNSa-BCEJYS |
||
| 080 |
_a330.101.542 _xMicroeconomía |
||
| 245 | 1 | 0 |
_aMicroeconomía Intermedia _pproblemas y cuestiones |
| 020 | _a84-481-3837-6 | ||
| 264 | 1 |
_aMadrid : _bMcGraw-Hill _c2003 |
|
| 300 |
_a518 p. _c24 cm. |
||
| 505 | _a1. La teoría del consumidor - 2. Aplicaciones de la teoría del consumidor - 3. Producción, costes y empresa competitiva - 4. Mercados de competencia imperfecta - 5. Equilibrio general competitivo - | ||
| 942 | _cBK | ||
| 590 | _aniveau_biblio:m niveau_hierar:0 | ||
| 100 | 1 | _aCarrasco Pradas, Amparo | |
| 700 | 1 | _aDe la Iglesa Villasol, Covadonga | |
| 700 | 1 | _aGarcia Expósito, Esperanza | |
| 700 | 1 | _aHuergo Orejas, Elena | |
| 700 | 1 | _aMoreno Martín, Lourdes | |
| 856 | 4 | 1 |
_uhttps://www.biblioeco.unsa.edu.ar/pmb/images/libros/L128210.jpg _yImagen de portada _qimage/jpeg |
| 999 |
_c4496 _d4496 |
||